| 000 | 00904nam a2200253Ia 4500 | ||
|---|---|---|---|
| 003 | OSt | ||
| 005 | 20221005110530.0 | ||
| 006 | a|||||r|||| 00| 0 | ||
| 007 | ta | ||
| 008 | 221004b |||||||| |||| 00| 0 hin d | ||
| 020 |
_a8177143395 (hbk) _c125 |
||
| 024 | _a97126 | ||
| 037 |
_b417, 23/03/2009, Swaraj Prakashan _cTextual |
||
| 040 |
_aCRL _cCRL _bhin |
||
| 041 |
_2hin _ahin |
||
| 082 | _aO152,3N41, P9 | ||
| 100 | _aआर्य, जियालाल | ||
| 245 | 0 |
_aजो वह न कह सकी _b कहानी संग्रह |
|
| 246 | _aJo vah n kah sakī: kahānī sangraha | ||
| 260 |
_aनई दिल्ली _bप्रकाशन संस्थान भारत _c2009 |
||
| 300 |
_a104पृ0 _ccm. |
||
| 942 |
_hO152,3N41, P9 _cTEXL _2cc |
||
| 999 |
_c1019105 _d1019105 |
||